10 European Countries With Longest Borders - Statistics

General Stats
  • This quiz has been taken 2,408 times
  • The average score is 9 of 10
Answer Stats
km Country % Correct
2,889 France
99%
3,621 Germany
99%
5,015 Russia
99%
2,788 Poland
96%
2,233 Sweden
96%
4,663 Ukraine
96%
2,551 Norway
95%
2,690 Finland
94%
2,508 Romania
89%
2,562 Austria
77%
No matching quizzes found
Score Distribution
Percent of People with Each Score
Percentile by Number Answered
Your Score History
You have not taken this quiz